000 00634nam a2200217Ia 4500
003 GCL
008 140319s9999 xx 000 0 ara d
040 _aGCL /
_cGCL
082 0 4 _a811.01
_bا م
100 1 _aاميل ناصيف
245 1 0 _aالموسع فى اروع ماقيل فى الحب والغزل /
_cاميل ناصيف
260 _a[S.N] :
_bجروس برس ،
_c1994
300 _a495 ص
490 _a
650 0 4 _aالشعر العربى
650 0 4 _aالادب العربى
650 0 4 _aالعصر الحديث
650 0 4 _aالشعر الغزلى
650 0 4 _aالمجموعات
942 _2ddc
_cBK
999 _c29169
_d29169